000 00609nam a2200205Ia 4500
005 20250923144727.0
008 008 250917s9999 xx 000 0 eng d
037 _aTextual
040 _aDSWL
_beng
_cDSWL
041 _aeng
_2eng
084 _aQ234:26z7, G7
_qDSWL
100 _aIyengar, Masti Vankatesa
_9827803
245 0 _aPopular culture in Karnataka
_cby Masti Vankatesa Iyengar
260 _aBaravangudi
_bBaravangudi Jeevana Karyalaya
_c1937
300 _avi,163p.
365 _aINR
_b3
925 _g3
942 _cTEXL
_hQ234:26z7, G7
999 _c1442569
_d1442569